| 000 | 00386nam a22001697a 4500 | ||
|---|---|---|---|
| 003 | SGT | ||
| 020 | _a8192-0-935-2-2 | ||
| 082 |
_a658.3 _bDWI |
||
| 100 | _aDWIVEDI, SUJIT KUMAR | ||
| 245 | _aPRINCIPLES OF HOTEL MANAGEMENT | ||
| 250 | _a1ST | ||
| 260 |
_aDELHI _bNAMAN PUBLISHER _c2011 |
||
| 300 | _a294 | ||
| 650 | _aHOTEL MANAGEMENT | ||
| 653 | _aHOTEL MANAGEMENT | ||
| 942 |
_2ddc _cBK |
||
| 999 |
_c8020 _d8020 |
||